Statystyki dla 15 najbardziej dotkniętych krajów Covid-19 - 3 czerw 2021

Kliknij tutaj aby rozwiązać quiz!

Ogólne statystyki

  • Ten quiz został rozwiązany 20 razy
  • Średni wynik to 14 z 27

Statystyki odpowiedzi

ogółem
przypadków
dzienny
wzrost
stawka
za milion
kraj% Poprawnych
2 874 092583Polska
100%
3 701 6902990Niemcy
95%
34 173 53212 757102 688Stany Zjednoczone
95%
5 694 076
984887 056Francja
90%
3 693 0124388Hiszpania
85%
16 803 47277 898Brazylia
80%
5 099 1829500Rosja
80%
4 499 8783165Wielka Brytania
80%
4 225 1632482Włochy
75%
3 884 44735 355Argentyna
70%
28 572 359133 228Indie
60%
105 205Szwecja
50%
5 270 2997112Turcja
50%
154 988Czechy
40%
96 507Holandia
40%
2 423 928932Meksyk
40%
91 556Belgia
35%
102 543Litwa
35%
97 870Estonia
30%
2 945 10010 687Iran
30%
3 488 04625 966Kolumbia
30%
87 487Chorwacja
15%
90 021Izrael
15%
87 136Gruzja
10%
122 029Słowenia
10%
87 353Urugwaj
10%
140 499Bahrajn
5%

Rozkład punktacji

Percentyl według liczby udzielonych odpowiedzi

Procent ludzi z każdym wynikiem

Twoja historia wyników

Nie rozwiązałeś tego quizu